| 000 | 01282nam a22002537a 4500 | ||
|---|---|---|---|
| 005 | 20120112143825.0 | ||
| 008 | 120112t xxu||||| |||| 00| 0 mar d | ||
| 010 | _aMAR-21863 | ||
| 020 |
_c120.00 _a9788184980967 |
||
| 035 | _aMR-14521 | ||
| 037 | _bDBAD/PUB | ||
| 040 |
_aDPL _bMR |
||
| 082 | _a617.564062 | ||
| 100 |
_aहोरे,पॅट्रिक _939079 |
||
| 245 |
_aउष्ण जलोपचार / _cपॅट्रिक होरे तथा डेव्हिड हार्प ; सुभाष जोशी द्वारा अनुवादित |
||
| 246 |
_aUshna Jalopchar _bby Patrick Horay and David Harp |
||
| 260 |
_aपुणे _bमेहता पब्लिशिंग हाऊस _c2010 |
||
| 270 |
_a1941,सदाशिव पेठ, _bपुणे _e411030 |
||
| 300 |
_aआठ,133पृ. _c21सेमी(अजिल्द) _bसचित्र |
||
| 700 |
_aहार्प,डेव्हिड _939333 |
||
| 700 |
_aजोशी,सुभाष _939675 |
||
| 942 |
_2ddc _cMR _mहोरेपॅ _h617.564062 |
||
| 999 |
_c61196 _d61196 |
||